Trabajos topográficos, provincia de Córdoba (Record no. 182900)
[ view plain ]
| 000 -LEADER | |
|---|---|
| campo de control de longitud fija | 00638nam a2200169 i 4500 |
| 001 - NÚMERO DE CONTROL | |
| campo de control | 182900 |
| 003 - IDENTIFICADOR DE NÚMERO DE CONTROL | |
| campo de control | ES-MaACL |
| 005 - FECHA Y HORA DE LA ÚLTIMA TRANSACCIÓN | |
| campo de control | 20230906221737.0 |
| 008 - DATOS DE LONGITUD FIJA--INFORMACIÓN GENERAL | |
| campo de control de longitud fija | 131205s1872 sp |||| | spa d |
| 110 2# - ENTRADA PRINCIPAL--NOMBRE DE ENTIDAD CORPORATIVA | |
| Nombre de entidad corporativa o nombre de jurisdicción como elemento de entrada | Instituto Geográfico y Estadístico (España) |
| 9 (RLIN) | 3892 |
| 245 10 - MENCIÓN DEL TÍTULO | |
| Título | Trabajos topográficos, provincia de Córdoba |
| Resto del título | : comparación de las superficies dadas por el amillaramiento de los planos, año 1872. |
| 260 ## - PUBLICACIÓN, DISTRIBUCIÓN, ETC. | |
| Lugar de publicación, distribución, etc. | Madrid : |
| Nombre del editor, distribuidor, etc. | [Instituto Geográfico?, |
| Fecha de publicación, distribución, etc. | 1872?] |
| 300 ## - DESCRIPCIÓN FÍSICA | |
| Extensión | 68 h. de est., ; |
| Dimensiones | 33 cm. |
| 500 ## - NOTA GENERAL | |
| Nota general | Precede al tít.: Instituto Geográfico. |
| 650 #4 - PUNTO DE ACCESO ADICIONAL DE MATERIA--TÉRMINO DE MATERIA | |
| Término de materia o nombre geográfico como elemento de entrada | Catastro- |
| Subdivisión geográfica | Córdoba. |
| 9 (RLIN) | 153929 |
| 852 ## - LOCALIZACIÓN | |
| Ubicación | ES-MaACL |
| Número de control de estantería | G-1950 |
| Estatus retirado | Estado de pérdida | Estado de daño | No para préstamo | Colección | Biblioteca de origen | Biblioteca actual | Ubicación en estantería | Fecha de adquisición | Fuente de adquisición | Total de préstamos | Signatura topográfica completa | Código de barras | Visto por última vez | Precio de reemplazo | Tipo de ítem Koha |
|---|---|---|---|---|---|---|---|---|---|---|---|---|---|---|---|
| Libros del s. XIX | Biblioteca del Ateneo de Madrid | Biblioteca del Ateneo de Madrid | Depósito 2 | 05/12/2013 | G-1950 | 1192228 | 23/02/2023 | 23/02/2023 | Libro impreso antiguo |
